00266nam a2200121Ia 4500008004100000100002400041245001800065260001900083300000800102650001000110942000700120999001700127190216s9999||||xx |||||||||||||| ||und|| aSoorya Kumar Pandey 0aHindi-Bah Bah bPars Prakashan a126 aHindi cBK c16158d16158